Differntial Equations :Theory and practics (Record no. 5507)
[ view plain ]
| 000 -LEADER | |
|---|---|
| fixed length control field | 00372nam a2200157Ia 4500 |
| 003 - CONTROL NUMBER IDENTIFIER | |
| control field | OSt |
| 005 - DATE AND TIME OF LATEST TRANSACTION | |
| control field | 20240120102256.0 |
| 008 - FIXED-LENGTH DATA ELEMENTS--GENERAL INFORMATION | |
| fixed length control field | 170524s9999 xx 000 0 und d |
| 020 ## - INTERNATIONAL STANDARD BOOK NUMBER | |
| International Standard Book Number | 9780071254373, |
| 040 ## - CATALOGING SOURCE | |
| Transcribing agency | iimtu |
| 100 ## - MAIN ENTRY--PERSONAL NAME | |
| Personal name | Simmons George F |
| 245 #0 - TITLE STATEMENT | |
| Title | Differntial Equations :Theory and practics |
| 260 ## - PUBLICATION, DISTRIBUTION, ETC. | |
| Name of publisher, distributor, etc. | TMH New Delhi |
| 260 ## - PUBLICATION, DISTRIBUTION, ETC. | |
| Date of publication, distribution, etc. | 2008 |
| 942 ## - ADDED ENTRY ELEMENTS (KOHA) | |
| Source of classification or shelving scheme | |
| Koha item type | Book Bank |
| Withdrawn status | Lost status | Source of classification or shelving scheme | Damaged status | Not for loan | Home library | Current library | Date acquired | Barcode | Date last seen | Uniform Resource Identifier | Price effective from | Koha item type | Public note | Total Checkouts | Date last checked out |
|---|---|---|---|---|---|---|---|---|---|---|---|---|---|---|---|
| IIMT University Central Library Meerut | IIMT University Central Library Meerut | 05/31/2017 | 01-B-47436 | 05/31/2017 | Mathematics | 05/31/2017 | Book Bank / Loan Books | Central Library to Departmental Basic Science Library | |||||||
| IIMT University Central Library Meerut | IIMT University Central Library Meerut | 05/31/2017 | 01-B-47437 | 02/19/2024 | Mathematics | 05/31/2017 | Book Bank | 2 | 10/19/2023 | ||||||
| IIMT University Central Library Meerut | IIMT University Central Library Meerut | 05/31/2017 | 01-B-47438 | 02/02/2024 | Mathematics | 05/31/2017 | Book Bank | 3 | 10/17/2023 | ||||||
| IIMT University Central Library Meerut | IIMT University Central Library Meerut | 05/31/2017 | 01-B-47439 | 02/02/2024 | Mathematics | 05/31/2017 | Book Bank | 3 | 11/06/2023 | ||||||
| IIMT University Central Library Meerut | IIMT University Central Library Meerut | 05/31/2017 | 01-B-47440 | 01/08/2024 | Mathematics | 05/31/2017 | Book Bank | 4 | 10/20/2023 |

